| 000 | 02527nam0a2200445 4500 | ||
|---|---|---|---|
| 001 | RU\NLR\BIBL_A\022766337 | ||
| 005 | 20260420063721.0 | ||
| 010 | _a978-5-9228-3118-5 | ||
| 021 |
_aRU _bКН-П-26-008173 _9КН-П-26-0785 |
||
| 035 | _a(NLR Aleph) 022766337 | ||
| 090 |
_a13688603 _c13688603 |
||
| 100 | _a20260326d2026 u y0rusy50 ca | ||
| 101 | 0 |
_arus _aspa |
|
| 102 | _aRU | ||
| 105 | _aa|||e|||000yy | ||
| 181 | 0 |
_ai3 _baxxe |
|
| 182 | 0 | _an | |
| 200 | 1 |
_aИспанско-русский и русско-испанский тематический словарь военной терминологии _dDiccionario temático español-ruso y ruso-español de la terminología militar _fЛ. И. Покусаева _gМосковский государственный институт международных отношений (университет) Министерства иностранных дел Российской Федерации, Военный учебный центр _zspa |
|
| 203 |
_aТекст _bвизуальный _cнепосредственный |
||
| 210 |
_aМосква _cИздательский дом МГИМО _d2026 |
||
| 215 |
_a362, [1] с. _cтабл. _d20 |
||
| 225 | 1 | _aEspañol | |
| 510 | 1 |
_6z77790 _aDiccionario temático español-ruso y ruso-español de la terminología militar _zspa |
|
| 606 | 1 |
_aИспанский язык _xТерминология военная _xСловари _xРусский язык _92705019 _3RU\NLR\AUTH\6601769176 |
|
| 606 | 1 |
_aРусский язык _xТерминология военная _xСловари _xИспанский язык _92705020 _3RU\NLR\AUTH\6601769177 |
|
| 606 | 1 |
_aРусский язык _xТематические словари _xИспанский язык _92489573 _3RU\NLR\AUTH\661477306 |
|
| 606 | 1 |
_aИспанский язык _xТерминология военная _xСловари _xРусский язык _92705019 _3RU\NLR\AUTH\6601769176 |
|
| 606 | 1 |
_aВоенное дело _jТерминологические словари _92073716 _3RU\NLR\AUTH\661248652 |
|
| 686 | 1 | _aШ147.21-434.3 | |
| 686 | 1 | _aШ141.12-434.3 | |
| 686 | 1 | _aШ147.21-49тем | |
| 686 | 1 | _aШ141.12-49тем | |
| 686 | 1 | _aЦ.в4я212.2 | |
| 700 | 1 |
_aПокусаева _bЛ. И. _gЛариса Ивановна |
|
| 790 | 1 |
_6z77510 _aPokusaeva _bL. I. _gLarisa Ivanovna |
|
| 942 | _cBOOK | ||
| 980 | _aNB | ||